Sports Quiz

Random Sports or NFL Quiz

NFL Teams by Entire Season QB Quiz Stats

 Plays Quiz Updated Apr 1, 2019

Score 0/32 Timer 04:00
4 Plays Today
% Correct
Patriots
96.4%
Panthers
96.1%
Seahawks
95.8%
Saints
95.4%
Falcons
94.6%
Dolphins
94.3%
Cowboys
93.9%
Colts
93.6%
Steelers
93.5%
Packers
92.7%
Ravens
92.5%
49ers
92.5%
Giants
92%
Jaguars
91.9%
Chargers
91.5%
Lions
91.2%
% Correct
Bengals
91.1%
Broncos
91%
Buccaneers
90.6%
Vikings
90.5%
Raiders
89.3%
Redskins
88.8%
Eagles
88.6%
Chiefs
88.1%
Cardinals
88%
Bears
87.1%
Jets
86.5%
Rams
83.9%
Texans
81.3%
Browns
80.8%
Titans
75.7%
Bills
73.7%

You're not logged in!

Compare scores with friends on all Sporcle quizzes.
OR
Log In

You Might Also Like...

Show Comments

Extras

Top Quizzes Today


Score Distribution

Your Account Isn't Verified!

In order to create a playlist on Sporcle, you need to verify the email address you used during registration. Go to your Sporcle Settings to finish the process.

Report this User

Report this user for behavior that violates our Community Guidelines.

Details: